000 00913nas a2200289 4500
001 BR2013000557
003 BR-BrBNA
005 20231205121829.0
007 ta
008 230509b bl.|||p| |||| 00| 00por d
040 _aBR-BrBNA
_bpor
_cBiblioteca Nacional de Agricultura
041 _a(Pt)
072 _aH10
100 1 _aLima, E.F.B.
100 1 _aLopes, E.N.
100 1 _aBerti Filho, E.
245 1 _aHeliothrip haemorrhoidalis (Bouché, 1833)(Thysanoptera: Thripidae)danificando samambaia-de-metro (Polypodium persicifolium Desv.)(Polypodiales: Polypodiaceae)no Brasil
650 _aSAMAMBAIA
650 _aTRIPS
650 _aINSETO
650 _aDANO
650 _aINFESTAÇÃO
650 _aSÃO PAULO
773 0 _tRevista de Agricultura (Brazil)
_xISSN 0034-7655
_g(Sep 2012), v. 87(2) p. 119-121
_wBR2013000557
909 _a202311
_bLúcia
_c55
_dLúcia Elande
942 _2AGRIS
_n0
_cANA
999 _c225468
_d225468